Lozan : (Record no. 37646)
| 000 -BAŞLIK | |
|---|---|
| Sabit Uzunluktaki Kontrol Alanı | 01165nam a22003497a 4500 |
| 001 - KONTROL NUMARASI | |
| Control Dosyası | 0037792 |
| 003 - KONTROL NUMARASI KİMLİĞİ | |
| Kontrol Alanı | KOHA_MİRAKIL |
| 005 - EN SON İŞLEM TARİHİ ve ZAMANI | |
| Kontrol Alanı | 20260207003040.0 |
| 007 - FİZİKSEL TANIM SABİT ALAN - GENEL BİLGİ | |
| Sabit uzunluklu kontrol alanı | ta |
| 008 - SABİT UZUNLUKTAKİ VERİ ÖGELERİ - GENEL BİLGİ | |
| Sabit Alan | 120705b1965 tu a|||gr||||#||||0|tur | |
| 040 ## - KATALOGLAMA KAYNAĞI | |
| Özgün Kataloglama Kurumu | TR-BiSEU |
| Kataloglama Dili | tur |
| Çeviri Kurumu | TR-BiSEU |
| Açıklama Kuralları | rda |
| 041 0# - DİL KODU | |
| Metin ya da ses kaydının dil kodu | tur |
| 044 ## - YAYINLAYAN/ÜRETEN KURULUŞUN ÜLKE KODU | |
| ISO country code | tu |
| 050 ## - SINIFLAMA ve YER NUMARASI | |
| Sınıflama Numarası | D462 |
| Yer Numarası | .M57 1965 |
| 100 1# - KİŞİ ADI | |
| Yazar Adı (Kişi adı) | Mısıroğlu, Kadir. |
| 245 1# - ESER ADI BİLDİRİMİ | |
| Başlık | Lozan : |
| Alt Eseradı vb. | Zafer mi? Hezimet mi?/ |
| Sorumluluk Bildirimi | Kadir Mısıroğlu ; Kadir Mısıroğlu. |
| 250 ## - BASIM BİLDİRİMİ | |
| Basım Bildirimi | İkinci ve ilaveli basımı |
| 264 #1 - ÜRERİM, YAYIN, DAĞITIM ve TELİF BİLDİRİMİ | |
| Yayın yeri | İstanbul : |
| Yayınlayan | Sebil Yayınevi |
| Yayın tarihi | 1965 |
| 300 ## - FİZİKSEL TANIMLAMA | |
| Sayfa, Cilt vb. | 322 sayfa : |
| Diğer fiziki detaylar | resimli; 21 cm |
| 336 ## - İÇERİK TÜRÜ | |
| Content type term | metin |
| Content type code | txt |
| Source | rdacontent |
| 337 ## - MEDYA TÜRÜ | |
| Media type term | aracısız |
| Media type code | n |
| Source | rdamedia |
| 338 ## - TAŞIYICI TÜRÜ | |
| Carrier type term | cilt |
| Carrier type code | nc |
| Source | rdacarrier |
| 490 1# - DİZİ BİLDİRİMİ | |
| Dizi Bildirimi | Sebil milli ve dini yayınlar kulübü yayınları ; |
| Cilt Numarası | nu. |
| 490 1# - DİZİ BİLDİRİMİ | |
| Dizi Bildirimi | onsekiz Sebil yayınları ; |
| Cilt Numarası | nu. |
| 490 1# - DİZİ BİLDİRİMİ | |
| Dizi Bildirimi | 18, 30 |
| 650 #0 - KONU BAŞLIĞI EK GİRİŞ - KONU TERİMİ | |
| Konusal terim veya coğrafi ad | Türkiye--Tarih--Devrim, 1918-1923. |
| 9 (RLIN) | 13601 |
| 650 #0 - KONU BAŞLIĞI EK GİRİŞ - KONU TERİMİ | |
| Konusal terim veya coğrafi ad | Turkey--History--Revolution, 1918-1923. |
| 9 (RLIN) | 10129 |
| 830 1# - SERİ EK GİRİŞİ - TEKBİÇİM ESER ADI | |
| Tekbiçim Başlık | Sebil milli ve dini yayınlar kulübü yayınları ; |
| Volume number/sequential designation | nu. |
| 9 (RLIN) | 70720 |
| 830 1# - SERİ EK GİRİŞİ - TEKBİÇİM ESER ADI | |
| Tekbiçim Başlık | onsekiz Sebil yayınları ; |
| Volume number/sequential designation | nu. |
| 9 (RLIN) | 70721 |
| 830 1# - SERİ EK GİRİŞİ - TEKBİÇİM ESER ADI | |
| Tekbiçim Başlık | 18, 30 |
| 9 (RLIN) | 70722 |
| 942 ## - EK GİRİŞ ÖGELERİ (KOHA) | |
| Source of classification or shelving scheme | Library of Congress Classification |
| Koha item type | Book |
| Materyal Türü | Kalıcı Konum | Mevcut Konum | Raf Yeri | Sınıflandırma Kaynağı | Edinim Bilgisi | Ana Konular | Alt Konular | Yer Numarası | Cilt Bilgisi | Demirbaş Numarası | Fatura Tarihi | Maliyet, Alış Fiyatı | Maliyet, Yenileme Fiyatı | Geri Çekilme Durumu | Kayıp Durumu | Hasarlı Durumu | Kredi için değil | Kayıt Tarih | Toplam Ödünçverme | Son Görülme Tarihi | Son Kontrol Tarihi | Genel / Bağış Notu |
|---|---|---|---|---|---|---|---|---|---|---|---|---|---|---|---|---|---|---|---|---|---|---|
| Book | Prof. Dr. Azmi Özcan Kütüphanesi | Prof. Dr. Azmi Özcan Kütüphanesi | Uluğbey Salonu | Library of Congress Classification | Bağış | DÜNYA TARİHİ (AVRUPA, ASYA, AFRİKA VB.) | Tarih (Genel) | D462 .M57 1965 | c.1 | 0037792 | 02/02/2026 | 1.00 | 1.00 | 05/07/2012 | 8 | 05/12/2024 | 05/12/2024 | Genel Bağış |
